Annotated standing orders of the House of Commons, 1989 = (Record no. 356)

MARC details
000 -LEADER
fixed length control field 01104nam a2200301 a 4500
001 - CONTROL NUMBER
control field 2003263
003 - CONTROL NUMBER IDENTIFIER
control field OSt
005 - DATE AND TIME OF LATEST TRANSACTION
control field 20230605120810.0
008 - FIXED-LENGTH DATA ELEMENTS--GENERAL INFORMATION
fixed length control field 900404s1989 onc bl f001 0 eng
010 ## - LIBRARY OF CONGRESS CONTROL NUMBER
LC control number 90140439
020 ## - INTERNATIONAL STANDARD BOOK NUMBER
International Standard Book Number 0660546205
040 ## - CATALOGING SOURCE
Original cataloging agency DLC
Transcribing agency DLC
041 0# - LANGUAGE CODE
Language code of text/sound track or separate title engfre
043 ## - GEOGRAPHIC AREA CODE
Geographic area code n-cn---
082 ## - DEWEY DECIMAL CLASSIFICATION NUMBER
Classification number 328.7105
Item number CAN
110 1# - MAIN ENTRY--CORPORATE NAME
Corporate name or jurisdiction name as entry element Canada.
Subordinate unit Parliament.
-- House of Commons.
245 10 - TITLE STATEMENT
Title Annotated standing orders of the House of Commons, 1989 =
Remainder of title Règlement annoté de la Chambre des communes, 1989.
250 ## - EDITION STATEMENT
Edition statement 1st ed.
260 ## - PUBLICATION, DISTRIBUTION, ETC. (IMPRINT)
Place of publication, distribution, etc. Ottawa, Canada :
Name of publisher, distributor, etc. Queen's Printer for Canada :
-- Canadian Govt. Pub. Centre [distributor],
Date of publication, distribution, etc. 1989.
300 ## - PHYSICAL DESCRIPTION
Extent xiii, 487, 33, 29 p. ;
Dimensions 28 cm.
500 ## - GENERAL NOTE
General note English and French.
504 ## - BIBLIOGRAPHY, ETC. NOTE
Bibliography, etc Includes bibliographical references and indexes.
610 10 - SUBJECT ADDED ENTRY--CORPORATE NAME
Corporate name or jurisdiction name as entry element Canada.
Subordinate unit Parliament.
-- House of Commons
General subdivision Rules and practice.
740 0# - ADDED ENTRY--UNCONTROLLED RELATED/ANALYTICAL TITLE
Uncontrolled related/analytical title Règlement annoté de la Chambre des communes, 1989.
906 ## - LOCAL DATA ELEMENT F, LDF (RLIN)
a 7
b cbc
c orignew
d 3
e ncip
f 19
g y-gencatlg
942 ## - ADDED ENTRY ELEMENTS (KOHA)
Source of classification or shelving scheme Dewey Decimal Classification
Koha item type Books
Holdings
Withdrawn status Lost status Source of classification or shelving scheme Damaged status Not for loan Home library Current library Date acquired Total Checkouts Full call number Barcode Date last seen Price effective from Koha item type
    Dewey Decimal Classification     Bunge Tower Library Bunge Tower Library 06/05/2023   328.7105 CAN 10011737 06/05/2023 06/05/2023 Books
LIBRARY OPENING HOURS

When the Parliament is sitting: 8.00a.m - 7.00p.m or until the house adjourns
Mondays and Fridays and when the House is on Recess:  8.00a.m - 5.00p.m
Closed on Weekends and Public Holidays

Online Public Access Catalog (OPAC)
Website: http://www.parliament.go.ke
Bunge Library: https://libraryir.parliament.go.ke
Contact: library@parliament.go.ke | Tel no: (254-2)2221291 or 2848000 Ext 5043